| 000 | 00517 a2200157 4500 | ||
|---|---|---|---|
| 999 |
_c7042 _d7042 |
||
| 020 | _a0140290060 | ||
| 050 | _aHB 76 HEI 1995 | ||
| 100 |
_aHeilbroner, Robert L. _eauthor |
||
| 245 |
_aThe worldly philosophers : _bthe lives, times, and ideas of the great economic thinkers/ _cRobert L. Heilbroner, |
||
| 264 |
_aNew York : _bPenguin Books _c1995 |
||
| 300 | _a365P. : | ||
| 500 | _aIncludes index | ||
| 650 | _aEconomists -- Biography. | ||
| 650 | _aEconomics -- History. Economics. | ||
| 942 |
_2lcc _cBK _h76 _iHEI _kHB |
||